Investigaciones filosóficas sobre el origen y naturaleza de lo bello

Guardat en:
Dades bibliogràfiques
Autor principal: Diderot, Denis (Autor)
Format: Llibre
Idioma:espanyol
Publicat: Buenos Aires Aguilar 1981
Edició:2a. ed
Col·lecció:Biblioteca de iniciación filosófica, 123
Matèries:
Etiquetes: Afegir etiqueta
Sense etiquetes, Sigues el primer a etiquetar aquest registre!

MARC

LEADER 00000nam a2200000 a 4500
001 UCV7880
003 CL-VaPUC
008 891206e19810000AG |||||||||||||||||spa|d
082 0 4 |a 111.85  |b DID  |2 21 
100 0 |a Diderot, Denis  |e author  |9 301983 
245 1 0 |a Investigaciones filosóficas sobre el origen y naturaleza de lo bello 
250 |a 2a. ed 
300 |a 79 p 
942 |c BK 
945 |d 19891206 00:00:00 
260 |a Buenos Aires  |b Aguilar  |c 1981 
650 0 |a Estética   |9 264950 
650 0 |a Belleza   |9 265712 
583 |a last modification  |c 19891206 00:00:00  |k Rodrigo Vera 
490 0 |a Biblioteca de iniciación filosófica, 123 
999 |c 213489  |d 213487 
952 |0 0  |1 0  |2 ddc  |4 0  |6 111_850000000000000_DID_1981  |7 0  |8 P  |9 195928  |a BIBARQ  |b BIBARQ  |d 2019-11-14  |i 2638983  |o 111.85 DID 1981  |p 2638983  |r 2025-01-20  |w 2019-11-14  |y BK  |k ARQ